000
00316nam a2200121Ia 4500
008
240624s9999 xx 000 0 und d
041
_a
eng
082
_a
658 MET
100
_a
METTERS RICHARD
245
_a
SERVICE OPERATIONS MANAGEMENT
260
_c
2009
_a
New Delhi
_b
Cengage Learning
300
_a
370 : p. : cm. ; 24
999
_c
15284
_d
15284